Expresión dramática infantil

Guardat en:
Dades bibliogràfiques
Autor principal: Slade, Peter (Autor)
Format: Llibre
Idioma:espanyol
Publicat: Madrid Santillana 1978
Col·lecció:Aula XXI. Educación abierta/Santillana
Matèries:
Etiquetes: Afegir etiqueta
Sense etiquetes, Sigues el primer a etiquetar aquest registre!

MARC

LEADER 00000nam a2200000 a 4500
001 UCY8566
003 CL-VaPUC
008 950703e19780000SP |||||||||||||||||spa|d
082 0 4 |a 371.37  |b SLA  |2 21 
100 0 |a Slade, Peter  |e author  |9 340035 
245 1 0 |a Expresión dramática infantil 
300 |a 513 p 
942 |c BK 
945 |d 19950703 00:00:00  |a cmena 
260 |a Madrid  |b Santillana  |c 1978 
650 7 |a DRAMATIZACION  |2 CL-VaPUC  |9 340036 
650 0 |a Métodos de enseñanza  |9 270413 
650 0 |a Niños  |9 255605 
650 7 |a JUEGOS DE SIMULACION  |2 CL-VaPUC  |9 340037 
650 7 |a METODOS ACTIVOS  |2 CL-VaPUC  |9 340038 
650 7 |a DESEMPEÑO DE UN ROL  |2 CL-VaPUC  |9 340039 
583 |a last modification  |c 19950703 00:00:00  |k Rodrigo Vera 
490 0 |a Aula XXI. Educación abierta/Santillana 
999 |c 235799  |d 235797 
952 |0 0  |1 0  |4 0  |6 371_370000000000000_SLA_1978  |7 0  |8 P  |9 243444  |a BIBEDU  |b BIBEDU  |c BIBEDU_PB  |d 2019-11-18  |i 1524925  |o 371.37 SLA 1978  |p 1524925  |r 2024-01-25  |w 2019-11-18  |y BK  |k EDU 
952 |0 0  |1 0  |4 0  |6 371_370000000000000_SLA_1978  |7 0  |8 P  |9 243445  |a BIBEDU  |b BIBEDU  |c BIBEDU_PB  |d 2019-11-18  |i 1524976  |o 371.37 SLA 1978  |p 1524976  |r 2024-01-25  |w 2019-11-18  |y BK  |k EDU 
952 |0 0  |1 0  |4 0  |6 371_370000000000000_SLA_1978  |7 0  |8 P  |9 243446  |a BIBEDU  |b BIBEDU  |c BIBEDU_PB  |d 2019-11-18  |i 1602888  |o 371.37 SLA 1978  |p 1602888  |r 2024-01-25  |w 2019-11-18  |y BK  |k EDU 
952 |0 0  |1 0  |4 0  |6 371_370000000000000_SLA_1978  |7 0  |8 A  |9 243447  |a BIBART  |b BIBART  |d 2019-11-18  |i 1204904  |o 371.37 SLA 1978  |p 1204904  |r 2025-03-13  |w 2019-11-18  |y BK  |k ART